Đổi mới giáo dục với việc phát triển tiềm năng, phẩm chất, năng lực con người /

محفوظ في:
التفاصيل البيبلوغرافية
المؤلف الرئيسي: Hồ Bá Thâm.
التنسيق: مقال
اللغة:Vietnamese
الوسوم: إضافة وسم
لا توجد وسوم, كن أول من يضع وسما على هذه التسجيلة!
Thư viện lưu trữ: Thư viện Trường Đại học Đà Lạt
LEADER 00769nam a2200229 4500
001 DLU170182614
005 ##20171222
040 # # |a DLU  |b vie 
041 # # |a vie 
044 # # |a vn 
100 # # |a Hồ Bá Thâm. 
245 # # |a Đổi mới giáo dục với việc phát triển tiềm năng, phẩm chất, năng lực con người /  |c Hồ Bá Thâm. 
773 # # |t Tâm lý học và giáo dục học với phát triển phẩm chất và năng lực người học  |g 2015, tr. 80-86 
920 # # |a Phòng Sau đại học -- Trung tâm Thông tin - Thư viện Trường Đại học Đà Lạt 
994 # # |a DLU 
900 # # |a True 
911 # # |a Hoàng Thị Huyền 
925 # # |a G 
926 # # |a A 
927 # # |a BB 
980 # # |a Thư viện Trường Đại học Đà Lạt